Biblioteca

El caso de Cristo : Una investigación exhaustiva / Lee Strobel ; Lorena Loguzzo, Traductor ; Dámaris Rodríguez, Editor (Registro nro. 34658)

Detalles MARC
000 -LÍDER
Campo fijo de descripción fija 006480000a22002050004500
020 ## - NÚMERO INTERNACIONAL NORMALIZADO PARA LIBROS
Número Internacional Normalizado del libro 0-8297-2192-4
041 0# - CÓDIGO DE IDIOMA
Código de idioma para texto/pista de sonido o título separado
082 04 - NÚMERO DE CLASIFICACIÓN DECIMAL DEWEY
Número de clasificación G 232.9 S919c
001 - NÚMERO DE CONTROL
Campo de control 4042
100 1# - ASIENTO PRINCIPAL--NOMBRE PERSONAL
Nombre personal Strobel, Lee (1952-)
245 10 - TÍTULO
Título del Material El caso de Cristo : Una investigación exhaustiva / Lee Strobel ; Lorena Loguzzo, Traductor ; Dámaris Rodríguez, Editor
260 ## - PUBLICACIÓN, DISTRIBUCIÓN, ETC. (PIE DE IMPRENTA)
Lugar de publicación, distribución, etc. Miami, FL., USA : Vida
300 ## - DESCRIPCIÓN FÍSICA
Extensión 336 Pag
336 ## - CONTENT TYPE
Content type term texto
Content type code txt
Source rdacontent
337 ## - MEDIA TYPE
Source rdamedia
Media type term sin mediación
Media type code n
338 ## - CARRIER TYPE
Source rdacarrier
Carrier type term volumen
Carrier type code nc
500 ## - NOTA GENERAL
Nota General Publicado en inglés bajo el título : The case for Christ
650 14 - ASIENTO SECUNDARIO DE MATERIA - TERMINO TEMÁTICO
Término temático o nombre geográfico como elemento de entrada JESUCRISTO \ APOLOGETICA
942 ## - TIPO DE MATERIAL (KOHA)
Tipo de Item KOHA Libros General
Existencias
Estado de Material Estado de Perdido Estado de Dañado No para Préstamo Colección Tomo Biblioteca de Origen Biblioteca Permanente Fecha de Adquisición Total de Préstamos Total de Renovaciones Signatura Topográfica Código de Barras Última vez visto Última vez Préstado Ejemplar/Existencia Fecha de Remplazo Tipo de Material
        Colección General   Biblioteca FUSBC Biblioteca FUSBC 05/12/2004 2 1 G 232.9 S919c 12013 01/09/2022 23/08/2022 1 26/01/2016 Libros General

Biblioteca FUSBC | Teléfono: (57+4) 349 88 10 Ext. 141| WhatsApp (+57) 3005338115 
E-mail: biblioteca@unisbc.edu.co | Calle 76 87-14 Robledo Palenque, Medellín, Colombia

Con tecnología Koha